00483nam a22001217a 4500999001700000008004100017050002800058100002200086245011200108300001400220942001300234952011400247 c18823d18823210222b xxu||||| |||| 00| 0 eng d aGMND2137b.C44 2019 c.1 aChepkorir, Violah aMaternal determinants of iron deficiency anaemia among pregnant women in migratory community, Narok county  a78 leaves 2lcccTHE 00102lcc70aKABUbKABUd2021-02-22l0oGMND2137 .C44 2019 c.1p029515r2021-02-22 00:00:00w2021-02-22yTHE